000 00561nam a2200181Ia 4500
008 090124s9999 xx 000 0 und d
082 _b16804
100 _aकर्णिक मधु मंगेश
245 _a लामणदिवा
250 _a1
260 _bउदयदीप प्रकाशन
_c1983
300 _a196
600 _aकर्णिक मधु मंगेश
630 _a लामणदिवा
700 _aकर्णिक मधु मंगेश
730 _a लामणदिवा
942 _cBOOK
999 _c88898
_d88898